| 000 | 00393cam a2200157ua 4500 | ||
|---|---|---|---|
| 041 |
_aeng _h |
||
| 082 |
_a941 _bHOW/MA |
||
| 100 | _aHoward, Anthony . | ||
| 245 |
_aMaking of the prime minister / _cAnthony Howard. _hTextual Documents |
||
| 260 |
_aLondon : _bJonathan Cape , _c1965. |
||
| 300 | _a239 ; . | ||
| 504 | _a | ||
| 700 | 1 | _aWest, Richard . | |
| 942 | _cBK | ||
| 999 |
_c6307 _d6307 |
||